[Event "74th ARM-ch Women 2019"]
[Site "Yerevan"]
[Date "2019.01.16"]
[Round "5"]
[White "Grigoryan, Arpine"]
[Black "Hakobyan, Astghik"]
[Result "1-0"]
[WhiteElo "1962"]
[BlackElo "1776"]
[Annotator "NA"]
[PlyCount "159"]
[EventDate "2019.01.12"]
[EventType "tourn"]
[EventCountry "ARM"]
[SourceTitle "playchess.com"]
[Source "ChessBase"]
[SourceQuality "1"]
[TimeControl "40/5400+30:1800+30"]

1. e4 {[%emt 0:00:00]} e6 {[%emt 0:00:00]} 2. d4 {[%emt 0:00:00]} d5 {[%emt 0:00:00]} 3. Nd2 {[%emt 0:00:00]} c5 {[%emt 0:00:00]} 4. exd5 {[%emt 0:00:00]} Qxd5 {[%emt 0:00:00]} 5. Ngf3 {[%emt 0:00:05]} cxd4 {[%emt 0:00:00]} 6. Bc4 {[%emt 0:00:25]} Qd6 {[%emt 0:00:00]} 7. O-O {[%emt 0:00:06] LiveBook: 3192 Games} Nf6 {[%emt 0:00:00]} 8. Nb3 {[%emt 0:00:30]} Nc6 {[%emt 0:00:07]} 9. Nbxd4 {[%emt 0:00:25]} Nxd4 {[%emt 0:00:10]} 10. Nxd4 {[%emt 0:00:05]} a6 {[%emt 0:00:13]} 11. Re1 {[%emt 0:00:13]} Be7 {[%emt 0:00:15]} 12. c3 {[%emt 0:00:13]} O-O {[%emt 0:00:16]} 13. Bb3 {[%emt 0:01:01] C07: French Tarrasch: 3...c5, 4 Ngf3 and 4 exd5 Qxd5} Qc7 {[%emt 0:03:21]} 14. Bg5 {[%emt 0:00:56]} (14. Qf3 Bd6 15. Qh3 e5 16. Nf5 g6 17. Qh4 Bxf5 18. Qxf6 e4 19. Qh4 Rfe8 {½-½ (141) Sardana,R (2402)-Deepan Chakkravarthy,J (2475) New Delhi 2018}) 14... b5 {[%emt 0:01:49]} 15. Qe2 {[%emt 0:02:12]} Re8 $146 {[%emt 0:09:35]} ({Predecessor:} 15... Bb7 16. Nxe6 Qc6 17. Qf3 Qxf3 18. gxf3 fxe6 19. Rxe6 Kh8 20. Rxe7 Bxf3 21. Bxf6 Rxf6 {½-½ (36) Hepsayar,M (1721)-Erken,S (1476) Antalya 2017}) 16. Rad1 $11 {[%emt 0:06:27]} (16. a4 $5 {[%cal Ra4b5]}) 16... Qb6 {[%emt 0:12:20]} 17. Qd3 {[%emt 0:30:19]} Bb7 {[%emt 0:10:17]} 18. Nxe6 {[%emt 0:07:52]} Be4 {[%emt 0:05:54]} 19. Qh3 {[%emt 0:00:12]} Bg6 {[%emt 0:09:12]} 20. Bxf6 {[%emt 0:13:45]} Bxf6 {[%emt 0:00:45]} 21. Nf4 {[%emt 0:00:21]} Rad8 {[%emt 0:15:06]} 22. Rxe8+ {[%emt 0:01:12]} Rxe8 {[%emt 0:00:07]} 23. Nxg6 {[%emt 0:01:04]} hxg6 {[%emt 0:00:38]} 24. Qg4 {[%emt 0:02:29]} g5 {[%emt 0:13:53]} 25. g3 {[%emt 0:02:33]} Qc6 {[%emt 0:02:13]} 26. Qh5 {[%emt 0:02:08]} Rf8 {[%emt 0:02:06]} 27. Re1 {[%emt 0:05:15]} Qd7 {[%emt 0:02:17]} 28. Rd1 {[%emt 0:02:56]} Qc6 {[%emt 0:02:26]} 29. Re1 {[%emt 0:04:05]} Qd7 {[%emt 0:00:40]} 30. Qf3 {[%emt 0:00:14]} a5 {[%emt 0:01:31]} 31. Rd1 {[%emt 0:01:47]} Qc7 {[%emt 0:01:13]} 32. Qf5 {[%emt 0:00:21]} Qb6 {[%emt 0:01:05]} 33. Rd7 {[%emt 0:03:35]} Qc6 {[%emt 0:03:56]} 34. Bd5 {[%emt 0:01:38]} Qc8 {[%emt 0:00:31]} 35. Be4 {[%emt 0:00:07]} g6 {[%emt 0:00:26]} 36. Qxb5 {[%emt 0:00:31]} Rd8 {[%emt 0:01:14]} 37. Rxd8+ {[%emt 0:03:15]} Qxd8 {[%emt 0:00:06]} 38. h3 {[%emt 0:01:56]} Kg7 {[%emt 0:00:48]} 39. Bd5 {[%emt 0:01:56]} Qc7 {[%emt 0:01:52]} 40. Kg2 {[%emt 0:00:00]} Be5 {[%emt 0:00:00]} 41. Bc6 {[%emt 0:06:12]} Qd6 {[%emt 0:04:04]} 42. Bd5 {[%emt 0:05:25]} Qc7 {[%emt 0:00:15]} 43. g4 {[%emt 0:01:28]} Bf6 {[%emt 0:02:42]} 44. a3 {[%emt 0:01:26]} Be5 {[%emt 0:00:55]} 45. Qe2 {[%emt 0:03:25]} Bf6 {[%emt 0:02:28]} 46. Qe8 {[%emt 0:00:44]} Qa7 {[%emt 0:02:40]} 47. Qc6 {[%emt 0:02:52]} Qe7 {[%emt 0:04:21]} 48. b4 {[%emt 0:00:59]} axb4 {[%emt 0:00:52]} 49. axb4 {[%emt 0:00:25]} Be5 {[%emt 0:02:59]} 50. b5 {[%emt 0:01:16]} Qf6 {[%emt 0:01:03]} 51. Qxf6+ {[%emt 0:00:37]} Kxf6 {[%emt 0:00:04]} 52. c4 {[%emt 0:00:04]} Bd4 {[%emt 0:00:09]} 53. Kf3 {[%emt 0:00:47]} Bc5 {[%emt 0:01:28]} 54. Ke2 {[%emt 0:00:29]} Ke7 {[%emt 0:00:14]} 55. f3 {[%emt 0:00:06]} f5 {[%emt 0:00:13]} 56. Kd3 {[%emt 0:01:18]} Kf6 {[%emt 0:00:38]} 57. Bc6 {[%emt 0:02:13]} Ke5 {[%emt 0:00:52]} 58. Be8 {[%emt 0:00:28]} Kf6 {[%emt 0:01:24]} 59. Kc3 {[%emt 0:00:16]} f4 {[%emt 0:02:15]} 60. Kb3 {[%emt 0:00:25]} Ke5 {[%emt 0:01:11]} 61. Ka4 {[%emt 0:01:13]} Bb6 {[%emt 0:02:43]} 62. c5 {[%emt 0:05:34]} Bxc5 {[%emt 0:00:04]} 63. Ka5 {[%emt 0:00:03]} Kd6 {[%emt 0:00:40]} 64. b6 {[%emt 0:00:07]} Ke7 {[%emt 0:01:03]} 65. Bxg6 {[%emt 0:00:10]} Kd7 {[%emt 0:00:14]} 66. Kb5 {[%emt 0:00:27]} Bd4 {[%emt 0:00:45]} 67. Bf5+ {[%emt 0:00:17]} Kd6 {[%emt 0:00:22]} 68. Ka6 {[%emt 0:01:15]} Kc6 {[%emt 0:00:12]} 69. Be4+ {[%emt 0:00:45]} Kd7 {[%emt 0:01:51]} 70. b7 {[%emt 0:01:46]} Kc7 {[%emt 0:00:18]} 71. Bf5 {[%emt 0:00:04]} Be3 {[%emt 0:00:24]} 72. h4 {[%emt 0:02:27]} gxh4 {[%emt 0:00:13]} 73. g5 {[%emt 0:00:02]} Bd4 {[%emt 0:00:31]} 74. g6 {[%emt 0:00:04]} Kb8 {[%emt 0:00:05]} 75. Bc8 {[%emt 0:00:39]} Bg7 {[%emt 0:00:49]} 76. Kb6 {[%emt 0:00:15]} Ba1 {[%emt 0:06:49]} 77. Kc6 {[%emt 0:00:06]} Bb2 {[%emt 0:00:11]} 78. Kd6 {[%emt 0:00:28]} h3 {[%emt 0:00:07]} 79. Bxh3 {[%emt 0:00:04]} Kxb7 {[%emt 0:00:03]} 80. Ke7 {[%emt 0:00:15]} 1-0

[Event "74th ARM-ch Women 2019"]
[Site "Yerevan"]
[Date "2019.01.17"]
[Round "6"]
[White "Gevorgyan, Maria"]
[Black "Khachatryan, Anna"]
[Result "1-0"]
[WhiteElo "2228"]
[BlackElo "2110"]
[Annotator "TA"]
[PlyCount "73"]
[EventDate "2019.01.12"]
[EventType "tourn"]
[EventCountry "ARM"]
[SourceTitle "playchess.com"]
[Source "ChessBase"]
[SourceQuality "1"]

{[%evp 14,73,11,13,85,83,82,95,83,12,26,26,100,99,120,120,165,130,131,129,122,128,216,208,304,308,312,310,328,339,332,328,332,340,333,342,352,319,337,336,323,327,323,316,473,463,452,420,539,539,535,518,601,621,620,666,657,652,665,653,633,610]} 1. e4 c5 2. Nc3 Nc6 3. Bb5 Nd4 4. Nf3 a6 5. Bd3 g6 (5... Nxf3+ 6. Qxf3 e6 7. O-O Ne7 8. Be2 Nc6 9. Qg3 Nd4 10. Bd1 h5 11. h3 h4 12. Qe3 b5 13. Ne2 Nxe2+ 14. Bxe2 Bb7 15. a4 {0-1 (51) Alekseenko,K (2639)-Rakhmanov,A (2634) Sochi 2018}) 6. Nxd4 {B23: Closed Sicilian: Lines without g3} cxd4 7. Ne2 Bg7 8. c3 {LiveBook: 6 Games. The position is equal.} e6 $146 (8... dxc3 $11 9. dxc3 Nf6) ({Predecessor:} 8... dxc3 9. dxc3 d6 10. O-O Nf6 11. h3 O-O 12. Nd4 {1-0 (55) Khachiyan,M (2525)-Findlay,I (2263) Calgary 2018}) 9. Nxd4 $16 Bxd4 10. cxd4 d5 11. Qa4+ (11. Qf3 $16) 11... Bd7 $11 12. Qb4 Bc6 {[#]} (12... Ne7 $11 {keeps the balance.}) 13. e5 $1 $16 Nh6 14. b3 Rc8 15. Be2 a5 16. Qc3 Bd7 17. Qd3 Qc7 (17... b5 $16 18. Bb2 O-O) 18. Ba3 $18 Qc2 (18... Qd8 $142 19. O-O Nf5) 19. Qxc2 Rxc2 20. Bc5 Nf5 21. Bd3 Rxc5 22. dxc5 Nd4 23. f4 Ke7 24. Kf2 Rc8 25. Rhc1 Nc6 26. a3 f6 27. exf6+ Kxf6 28. Bb5 Nb8 (28... e5 $142 29. fxe5+ Kxe5 30. Bxc6 bxc6 31. Re1+ Kd4) 29. Bxd7 Nxd7 {[%mdl 4096] Endgame KRR-KRN} 30. d4 g5 31. fxg5+ {White is clearly winning.} Kxg5 32. b4 {[%cal Bb3b4,Bb4b5,Bb5c6][%mdl 32]} Rf8+ 33. Ke3 Rf4 34. b5 Re4+ 35. Kf2 Rxd4 36. c6 bxc6 37. bxc6 {Accuracy: White = 70%, Black = 22%.} 1-0

[Event "74th ARM-ch Women 2019"]
[Site "Yerevan"]
[Date "2019.01.17"]
[Round "6"]
[White "Gaboyan, Susanna"]
[Black "Grigoryan, Arpine"]
[Result "0-1"]
[WhiteElo "2111"]
[BlackElo "1962"]
[Annotator "NA"]
[PlyCount "96"]
[EventDate "2019.01.12"]
[EventType "tourn"]
[EventCountry "ARM"]
[SourceTitle "playchess.com"]
[Source "ChessBase"]
[SourceQuality "1"]
[TimeControl "40/5400+30:1800+30"]

1. Nf3 {[%emt 0:00:00]} Nf6 {[%emt 0:00:00]} 2. d4 {[%emt 0:00:00]} e6 {[%emt 0:00:00]} 3. e3 {[%emt 0:01:54]} b6 {[%emt 0:00:32]} 4. Bd3 {[%emt 0:00:40]} Bb7 {[%emt 0:00:16]} 5. O-O {[%emt 0:00:37]} d5 {[%emt 0:00:55]} 6. c4 {[%emt 0:00:52]} Bd6 {[%emt 0:01:45]} 7. Nc3 {[%emt 0:02:16]} a6 {[%emt 0:05:35]} 8. b3 {[%emt 0:18:00]} Nbd7 {[%emt 0:00:29]} 9. Qe2 {[%emt 0:03:57]} O-O {[%emt 0:03:57]} 10. e4 {[%emt 0:00:29]} Bb4 {[%emt 0:03:47]} 11. Nxd5 {[%emt 0:03:15]} exd5 {[%emt 0:00:41]} 12. cxd5 {[%emt 0:00:25]} h6 {[%emt 0:24:40]} 13. Bb2 {[%emt 0:18:58]} Re8 {[%emt 0:14:38]} 14. Qc2 {[%emt 0:01:13]} Bd6 {[%emt 0:14:52]} 15. e5 {[%emt 0:06:39]} Bxd5 {[%emt 0:00:50]} 16. exd6 {[%emt 0:04:14]} cxd6 {[%emt 0:00:08]} 17. Nd2 {[%emt 0:04:05]} Nf8 {[%emt 0:02:13]} 18. Bc4 {[%emt 0:04:46]} Bb7 {[%emt 0:04:52]} 19. Qf5 {[%emt 0:00:35]} b5 {[%emt 0:00:40]} 20. Bd3 {[%emt 0:00:27]} Ng6 {[%emt 0:00:46]} 21. g3 {[%emt 0:07:09]} Qb6 {[%emt 0:01:57]} 22. Rfc1 {[%emt 0:04:48]} Bc8 {[%emt 0:05:10]} 23. Qf3 {[%emt 0:00:23]} Bb7 {[%emt 0:00:03]} 24. Qd1 {[%emt 0:00:58]} Nf8 {[%emt 0:01:13]} 25. Nf1 {[%emt 0:05:24]} Ne6 {[%emt 0:01:41]} 26. h4 {[%emt 0:00:03]} Nd5 {[%emt 0:04:29]} 27. Qd2 {[%emt 0:01:50]} Qd8 {[%emt 0:01:49]} 28. Be4 {[%emt 0:01:24]} Qd7 {[%emt 0:02:35]} 29. Bg2 {[%emt 0:00:38]} Rab8 {[%emt 0:01:34]} 30. a4 {[%emt 0:02:50]} bxa4 {[%emt 0:00:48]} 31. Rxa4 {[%emt 0:00:12]} Nb6 {[%emt 0:00:14]} 32. d5 {[%emt 0:02:37]} Nxa4 {[%emt 0:00:24]} 33. dxe6 {[%emt 0:00:06]} fxe6 {[%emt 0:00:45]} 34. Ba3 {[%emt 0:04:15]} Bxg2 {[%emt 0:00:14]} 35. Kxg2 {[%emt 0:00:16]} Rxb3 {[%emt 0:01:02]} 36. Qxd6 {[%emt 0:01:03]} Qb7+ {[%emt 0:00:30]} 37. Kh2 {[%emt 0:00:23]} Qf3 {[%emt 0:01:01]} 38. Bc5 {[%emt 0:00:46]} Nxc5 {[%emt 0:00:45]} 39. Qxc5 {[%emt 0:00:01]} Rb2 {[%emt 0:00:10]} 40. Kg1 {[%emt 0:00:00]} Re2 {[%emt 0:00:00]} 41. Nh2 {[%emt 0:02:52]} Qd5 {[%emt 0:09:39]} 42. Qb6 {[%emt 0:02:53]} Rf8 {[%emt 0:01:05]} 43. Rf1 {[%emt 0:00:43]} Qa2 {[%emt 0:02:26]} 44. Qc5 {[%emt 0:01:24]} Rf5 {[%emt 0:07:02]} 45. Qa7 {[%emt 0:03:11]} a5 {[%emt 0:00:19]} 46. Qa8+ {[%emt 0:01:37]} Rf8 {[%emt 0:00:12]} 47. Qg2 {[%emt 0:00:10]} a4 {[%emt 0:00:22]} 48. g4 {[%emt 0:00:58]} Rexf2 {[%emt 0:01:13]} 0-1

[Event "74th ARM-ch Women 2019"]
[Site "Yerevan"]
[Date "2019.01.17"]
[Round "6"]
[White "Mkrtchyan, Anahit D."]
[Black "Avetisyan, Mariam"]
[Result "0-1"]
[WhiteElo "1829"]
[BlackElo "2106"]
[Annotator "NA"]
[PlyCount "140"]
[EventDate "2019.01.12"]
[EventType "tourn"]
[EventCountry "ARM"]
[SourceTitle "playchess.com"]
[Source "ChessBase"]
[SourceQuality "1"]
[TimeControl "40/5400+30:1800+30"]

1. e4 {[%emt 0:00:00]} e5 {[%emt 0:00:00]} 2. Nf3 {[%emt 0:00:00]} Nc6 {[%emt 0:00:00]} 3. Nc3 {[%emt 0:00:00]} Nf6 {[%emt 0:00:00]} 4. d4 {[%emt 0:00:00]} exd4 {[%emt 0:00:00]} 5. Nxd4 {[%emt 0:00:00]} Bb4 {[%emt 0:00:00]} 6. Nxc6 {[%emt 0:00:00]} bxc6 {[%emt 0:00:00]} 7. Bd3 {[%emt 0:00:00]} d5 {[%emt 0:00:05]} 8. exd5 {[%emt 0:00:02]} cxd5 {[%emt 0:01:22]} 9. O-O {[%emt 0:00:10]} O-O {[%emt 0:00:03]} 10. Bg5 {[%emt 0:00:11]} c6 {[%emt 0:05:20]} 11. h3 {[%emt 0:00:59]} Rb8 {[%emt 0:08:46]} 12. Rb1 $11 {[%emt 0:06:20]} h6 {[%emt 0:11:09]} 13. Bf4 {[%emt 0:02:48]} Bd6 {[%emt 0:02:44]} 14. Qf3 {[%emt 0:03:16]} Rb4 {[%emt 0:08:41]} 15. Bxd6 {[%emt 0:04:55]} Qxd6 {[%emt 0:00:05]} 16. Ne2 {[%emt 0:04:42]} Be6 {[%emt 0:13:31]} 17. c3 {[%emt 0:08:53]} Ra4 {[%emt 0:03:14]} 18. a3 {[%emt 0:05:39]} Rb8 {[%emt 0:07:58]} 19. Rfd1 {[%emt 0:10:40]} Qc7 {[%emt 0:04:12]} 20. Bc2 {[%emt 0:09:13]} Ra6 {[%emt 0:03:09]} 21. Qd3 {[%emt 0:03:59]} Rbb6 {[%emt 0:08:47]} 22. c4 {[%emt 0:04:12]} Qe7 {[%emt 0:07:01]} 23. Nf4 {[%emt 0:14:01]} Kf8 {[%emt 0:05:01]} 24. cxd5 {[%emt 0:02:43]} cxd5 {[%emt 0:01:19]} 25. Bb3 {[%emt 0:04:16]} Ra5 {[%emt 0:01:56]} 26. Rbc1 {[%emt 0:03:21]} Rab5 {[%emt 0:03:11]} 27. Ba2 {[%emt 0:03:26]} g5 {[%emt 0:01:48]} 28. Nxe6+ {[%emt 0:00:54]} Qxe6 {[%emt 0:00:03]} 29. Re1 {[%emt 0:01:32]} Qd7 {[%emt 0:00:10]} 30. b4 {[%emt 0:00:31]} Rd6 {[%emt 0:02:24]} 31. Qd4 {[%emt 0:00:40]} Rbb6 {[%emt 0:01:04]} 32. Rc5 {[%emt 0:00:58]} Ra6 {[%emt 0:00:38]} 33. Rc3 {[%emt 0:00:44]} Kg8 {[%emt 0:01:10]} 34. Rec1 {[%emt 0:01:14]} Rac6 {[%emt 0:00:52]} 35. h4 {[%emt 0:01:44]} Rxc3 {[%emt 0:00:33]} 36. Rxc3 {[%emt 0:00:05]} Ne4 {[%emt 0:00:49]} 37. Rc2 {[%emt 0:01:45]} g4 {[%emt 0:00:34]} 38. g3 {[%emt 0:02:04]} h5 {[%emt 0:00:42]} 39. b5 {[%emt 0:01:02]} Qf5 {[%emt 0:00:21]} 40. Rc6 {[%emt 0:00:00]} Rd8 {[%emt 0:00:00]} 41. Bb1 {[%emt 0:07:47]} Nxg3 {[%emt 0:10:52]} 42. Bd3 {[%emt 0:04:50]} Qf3 {[%emt 0:14:22]} 43. fxg3 {[%emt 0:06:29]} Qxg3+ {[%emt 0:01:09]} 44. Kf1 {[%emt 0:01:56]} Re8 {[%emt 0:00:08]} 45. Be2 {[%emt 0:02:41]} Qh2 {[%emt 0:02:04]} 46. Qd3 {[%emt 0:06:49]} g3 {[%emt 0:01:34]} 47. Rg6+ {[%emt 0:01:59]} Kf8 {[%emt 0:01:37]} 48. Rxg3 {[%emt 0:01:59]} Rxe2 {[%emt 0:00:07]} 49. Qxe2 {[%emt 0:00:20]} Qxg3 {[%emt 0:00:04]} 50. Qxh5 {[%emt 0:00:08]} Qd3+ {[%emt 0:00:24]} 51. Kf2 {[%emt 0:00:55]} Qd4+ {[%emt 0:01:52]} 52. Kg3 {[%emt 0:00:46]} Qd3+ {[%emt 0:00:46]} 53. Kf4 {[%emt 0:00:31]} Qd4+ {[%emt 0:01:01]} 54. Kg3 {[%emt 0:00:21]} Qd3+ {[%emt 0:00:47]} 55. Kf4 {[%emt 0:00:08]} Qxb5 {[%emt 0:01:07]} 56. Qh8+ {[%emt 0:00:19]} Ke7 {[%emt 0:00:05]} 57. Qe5+ {[%emt 0:00:05]} Kd7 {[%emt 0:00:20]} 58. Qf5+ {[%emt 0:00:14]} Kd8 {[%emt 0:00:58]} 59. Qf6+ {[%emt 0:00:11]} Kc8 {[%emt 0:00:23]} 60. Qh8+ {[%emt 0:01:48]} Kd7 {[%emt 0:00:38]} 61. Qf8 {[%emt 0:00:59]} Qc4+ {[%emt 0:00:19]} 62. Kg5 {[%emt 0:00:59]} d4 {[%emt 0:00:21]} 63. Qa8 {[%emt 0:01:11]} Qc5+ {[%emt 0:00:04]} 64. Kf6 {[%emt 0:00:15]} Qc6+ {[%emt 0:00:47]} 65. Qxc6+ {[%emt 0:00:12]} Kxc6 {[%emt 0:00:02]} 66. h5 {[%emt 0:00:05]} d3 {[%emt 0:00:03]} 67. h6 {[%emt 0:00:02]} d2 {[%emt 0:00:02]} 68. h7 {[%emt 0:00:03]} d1=Q {[%emt 0:00:04]} 69. h8=Q {[%emt 0:00:07]} Qd4+ {[%emt 0:00:06]} 70. Kxf7 Qxh8 {[%emt 0:00:05]} 0-1

[Event "74th ARM-ch Women 2019"]
[Site "Yerevan"]
[Date "2019.01.17"]
[Round "6"]
[White "Hakobyan, Astghik"]
[Black "Ghukasyan, Siranush"]
[Result "0-1"]
[WhiteElo "1776"]
[BlackElo "2226"]
[Annotator "NA"]
[PlyCount "96"]
[EventDate "2019.01.12"]
[EventType "tourn"]
[EventCountry "ARM"]
[SourceTitle "playchess.com"]
[Source "ChessBase"]
[SourceQuality "1"]
[TimeControl "40/5400+30:1800+30"]

1. e4 e5 {[%emt 0:00:00]} 2. Nf3 {[%emt 0:00:00]} Nc6 {[%emt 0:00:00]} 3. d4 {[%emt 0:00:00]} exd4 {[%emt 0:00:00]} 4. Nxd4 {[%emt 0:00:00]} Nf6 {[%emt 0:00:08]} 5. Nc3 {[%emt 0:00:00] LiveBook: 4226 Games} Bb4 {[%emt 0:00:35]} 6. Nxc6 {[%emt 0:00:05]} bxc6 {[%emt 0:00:06]} 7. Bd3 {[%emt 0:00:03]} O-O {[%emt 0:01:04]} 8. O-O {[%emt 0:00:08]} Re8 {[%emt 0:00:32]} 9. Qf3 {[%emt 0:01:05]} Bd6 {[%emt 0:01:29] C47: Scotch Four Knights and Four Knights with 4 g3} (9... d5 10. exd5 cxd5 11. h3 c6 12. Bf4 Bxc3 13. bxc3 Ne4 14. Rfe1 Qf6 15. c4 Bxh3 16. cxd5 cxd5 17. c4 {0-1 (47) Piorun,K (2633)-Duda,J (2724) Warsaw 2018}) 10. Bf4 {[%emt 0:02:24]} Bxf4 {[%emt 0:00:56]} 11. Qxf4 {[%emt 0:00:08]} d6 {[%emt 0:00:06]} 12. Rad1 {[%emt 0:01:51]} Qe7 {[%emt 0:06:47]} 13. Rfe1 {[%emt 0:03:37]} Nd7 {[%emt 0:05:54]} 14. e5 $146 {[%emt 0:10:07]} ({Predecessor:} 14. b3 Ne5 15. Qg3 Nxd3 16. cxd3 a5 17. d4 {1-0 (48) Lugovskoy,M (2464)-Notkin,M (2465) Sochi 2017}) 14... Nxe5 {[%emt 0:13:55]} 15. Qg3 {[%emt 0:04:47]} Qf8 {[%emt 0:11:07]} 16. Ne4 {[%emt 0:10:24]} f5 {[%emt 0:03:04]} 17. Ng5 {[%emt 0:01:50]} h6 {[%emt 0:05:16]} 18. Rxe5 {[%emt 0:11:53]} dxe5 {[%emt 0:07:12]} 19. Bc4+ {[%emt 0:00:05]} Kh8 {[%emt 0:00:01]} 20. Nf7+ {[%emt 0:00:17]} Kh7 {[%emt 0:00:01]} 21. Nxe5 {[%emt 0:01:08]} Qf6 {[%emt 0:01:38]} 22. f4 {[%emt 0:00:42]} Be6 {[%emt 0:11:57]} 23. Bxe6 {[%emt 0:04:29]} Rxe6 {[%emt 0:00:07]} 24. Rd7 {[%emt 0:01:38]} Re7 {[%emt 0:01:15]} 25. Rxe7 {[%emt 0:09:35]} Qxe7 {[%emt 0:00:02]} 26. Qg6+ {[%emt 0:00:08]} Kg8 {[%emt 0:00:06]} 27. Qxc6 {[%emt 0:01:05]} Rd8 {[%emt 0:00:16]} 28. h3 $17 {[%emt 0:04:39]} Qd6 {[%emt 0:05:52]} 29. Qc4+ {[%emt 0:03:24]} Kh7 {[%emt 0:00:06]} 30. Kh2 {[%emt 0:03:47]} Qd4 {[%emt 0:00:52]} 31. b3 {[%emt 0:01:32]} Qxc4 {[%emt 0:02:14]} 32. Nxc4 {[%emt 0:00:07]} Rd1 {[%emt 0:00:18]} 33. Kg3 {[%emt 0:02:15]} g5 {[%emt 0:00:49]} 34. a4 {[%emt 0:04:08]} Rf1 {[%emt 0:00:54]} 35. fxg5 {[%emt 0:01:14]} hxg5 {[%emt 0:00:06]} 36. h4 {[%emt 0:06:28]} Kh6 {[%emt 0:01:35]} 37. Ne5 {[%emt 0:06:33]} Kh5 {[%emt 0:03:08]} 38. hxg5 {[%emt 0:00:22]} f4+ {[%emt 0:00:09]} 39. Kh2 {[%emt 0:00:15]} Kxg5 {[%emt 0:00:09]} 40. Nc6 {[%emt 0:00:00]} Rf2 {[%emt 0:00:00]} 41. c4 {[%emt 0:12:17]} Rb2 {[%emt 0:01:29]} 42. Nd4 {[%emt 0:02:18]} c5 {[%emt 0:00:31]} 43. Ne6+ {[%emt 0:02:01]} Kg4 {[%emt 0:00:19]} 44. Nxc5 {[%emt 0:00:34]} f3 {[%emt 0:00:37]} 45. Kg1 {[%emt 0:00:41]} fxg2 {[%emt 0:00:46]} 46. Ne4 {[%emt 0:01:25]} Kf4 {[%emt 0:00:48]} 47. Nc3 {[%emt 0:03:33]} Rc2 {[%emt 0:00:15]} 48. Nd5+ {[%emt 0:04:42]} Kg3 0-1

[Event "74th ARM-ch Women 2019"]
[Site "Yerevan"]
[Date "2019.01.18"]
[Round "7"]
[White "Ghukasyan, Siranush"]
[Black "Gaboyan, Susanna"]
[Result "0-1"]
[WhiteElo "2226"]
[BlackElo "2111"]
[Annotator "NA"]
[PlyCount "134"]
[EventDate "2019.01.12"]
[EventType "tourn"]
[EventCountry "ARM"]
[SourceTitle "playchess.com"]
[Source "ChessBase"]
[SourceQuality "1"]
[TimeControl "40/5400+30:1800+30"]

1. e4 {[%emt 0:00:00]} c5 {[%emt 0:00:00]} 2. Nf3 {[%emt 0:00:00]} Nc6 {[%emt 0:00:00]} 3. Bb5 {[%emt 0:00:04]} Qc7 {[%emt 0:00:07]} 4. O-O {[%emt 0:00:24]} e6 {[%emt 0:00:06]} 5. c3 {[%emt 0:01:47] B30: Sicilian: 2...Nc6 3 Bb5, lines without ...g6} a6 {[%emt 0:02:09]} (5... Nge7 6. Re1 a6 7. Ba4 b5 8. Bc2 Bb7 9. a4 b4 10. d4 Ng6 11. h4 cxd4 12. cxd4 {1-0 (95) Kosteniuk,A (2542)-Socko,M (2485) Khanty-Mansiysk 2017}) 6. Ba4 {[%emt 0:00:52]} Nf6 {[%emt 0:02:26]} 7. Re1 {[%emt 0:05:17]} b5 {[%emt 0:05:39]} 8. Bc2 {[%emt 0:00:51]} e5 {[%emt 0:05:05]} 9. d4 {[%emt 0:03:32]} d6 {[%emt 0:02:51]} 10. a4 {[%emt 0:02:18]} Rb8 {[%emt 0:00:25]} 11. axb5 {[%emt 0:00:42]} axb5 {[%emt 0:00:06]} 12. d5 {[%emt 0:01:33]} Ne7 $146 {[%emt 0:00:28]} ({Predecessor:} 12... Nd8 13. Na3 Bd7 14. Bg5 Be7 15. c4 b4 16. Nb5 Bxb5 17. cxb5 {1-0 (47) Ciocaltea,V-Puc,S Ploiesti 1957}) 13. Nbd2 {[%emt 0:03:40]} g6 {[%emt 0:00:17]} 14. Nf1 {[%emt 0:01:51]} Bg7 {[%emt 0:00:24]} 15. Nxe5 {[%emt 0:13:19]} dxe5 {[%emt 0:01:23]} 16. d6 {[%emt 0:00:05]} Qd7 {[%emt 0:00:23]} 17. dxe7 {[%emt 0:00:22]} Qxe7 {[%emt 0:00:14]} 18. Ne3 {[%emt 0:00:20]} O-O {[%emt 0:00:42]} 19. Qe2 {[%emt 0:03:38]} Be6 {[%emt 0:08:47]} 20. b3 {[%emt 0:05:07]} Qb7 {[%emt 0:08:03]} 21. f3 {[%emt 0:08:06]} Ra8 {[%emt 0:20:29]} 22. Bb2 {[%emt 0:01:32]} c4 {[%emt 0:00:59]} 23. b4 {[%emt 0:11:37]} Nh5 {[%emt 0:02:23]} 24. Rxa8 {[%emt 0:04:35]} Qxa8 {[%emt 0:00:43]} 25. Ra1 {[%emt 0:07:22]} Nf4 $15 {[%emt 0:03:01]} 26. Qf2 {[%emt 0:05:23]} Qd8 {[%emt 0:01:12]} 27. Rd1 {[%emt 0:01:25]} Qg5 {[%emt 0:06:30]} 28. Kh1 {[%emt 0:04:30]} Ra8 {[%emt 0:00:19]} 29. Bc1 {[%emt 0:03:29]} Ra2 {[%emt 0:00:31]} 30. Qf1 {[%emt 0:05:30]} Bh6 {[%emt 0:10:19]} 31. Bb1 {[%emt 0:04:23]} Ra1 {[%emt 0:01:18]} 32. Bb2 {[%emt 0:00:38]} Rxb1 {[%emt 0:04:21]} 33. Rxb1 {[%emt 0:00:04]} Nd3 {[%emt 0:00:05]} 34. Nd1 {[%emt 0:01:20]} Qd2 {[%emt 0:00:10]} 35. Ba1 {[%emt 0:00:48]} Qa2 {[%emt 0:00:45]} 36. Nb2 {[%emt 0:00:26]} Nf2+ {[%emt 0:01:26]} 37. Kg1 {[%emt 0:01:00]} Be3 {[%emt 0:00:02]} 38. Re1 {[%emt 0:00:19]} Bb6 {[%emt 0:01:52]} 39. Re2 {[%emt 0:00:44]} Nd1+ {[%emt 0:02:09]} 40. Kh1 {[%emt 0:00:00]} Nxc3 {[%emt 0:00:00]} 41. Rc2 {[%emt 0:03:45]} Bd4 {[%emt 0:12:44]} 42. Qc1 {[%emt 0:05:12]} Nb1 {[%emt 0:08:52]} 43. Nxc4 {[%emt 0:00:58]} Qxa1 {[%emt 0:00:07]} 44. Nd6 {[%emt 0:00:13]} Na3 {[%emt 0:00:31]} 45. Qxa1 {[%emt 0:00:44]} Bxa1 {[%emt 0:00:05]} 46. Rc7 {[%emt 0:00:30]} Bd4 {[%emt 0:01:43]} 47. Rb7 {[%emt 0:00:32]} Bc4 {[%emt 0:00:51]} 48. Rb8+ {[%emt 0:00:59]} Kg7 {[%emt 0:00:05]} 49. Ne8+ {[%emt 0:00:41]} Kh6 {[%emt 0:00:05]} 50. h4 {[%emt 0:01:03]} Bf2 {[%emt 0:00:56]} 51. Nf6 {[%emt 0:02:16]} Bxh4 {[%emt 0:00:20]} 52. Ng4+ {[%emt 0:00:05]} Kg7 {[%emt 0:00:05]} 53. Nxe5 {[%emt 0:01:04]} Be6 {[%emt 0:07:57]} 54. Nc6 {[%emt 0:00:28]} Be1 {[%emt 0:00:31]} 55. Nd4 {[%emt 0:00:43]} Bc4 {[%emt 0:00:28]} 56. Nc6 {[%emt 0:00:37]} Nc2 {[%emt 0:01:04]} 57. Na7 {[%emt 0:00:12]} Nd4 {[%emt 0:00:10]} 58. Rd8 {[%emt 0:00:28]} Bc3 {[%emt 0:00:35]} 59. Kh2 {[%emt 0:01:17]} Ne6 {[%emt 0:00:57]} 60. Rd1 {[%emt 0:00:58]} Bxb4 {[%emt 0:00:14]} 61. Nc6 {[%emt 0:00:29]} Bc3 {[%emt 0:01:06]} 62. Rc1 {[%emt 0:00:29]} Bd2 {[%emt 0:00:06]} 63. Rc2 {[%emt 0:00:06]} Bf4+ {[%emt 0:00:30]} 64. g3 {[%emt 0:00:06]} Bc7 {[%emt 0:00:08]} 65. Kg2 {[%emt 0:00:35]} Bb6 {[%emt 0:00:08]} 66. Ne5 {[%emt 0:00:23]} Bb3 {[%emt 0:01:09]} 67. Rb2 {[%emt 0:00:06]} Ba4 {[%emt 0:00:25]} 0-1